Nadväznosť hodnôt Hovoríme s režisérom činohry Slovenského národného divadla v Bratislave - zaslúžilým umelcom Milošom Pietrom

Bibliographic Details
Main Authors: Pietor, Miloš, 1933-1991 (Author), Stanček, Ľubomír (Author)
Format: Article
Language:Slovak
PhysicalDescription:Obr. 1.
Subjects:

MARC

LEADER 00000nab a2200000 a 4500
001 vtls000105903
003 SK-MaSNL
005 20260304214629.0
008 160215c1982 xo 0 slo
015 |a SNBRB19rr/mm-uuuuu 
035 |a CL0116006 
040 |a SNKBUCL  |b slo  |c SNKBUCL  |e AACR2 
041 0 |a slo 
044 |a xo  |c SK 
080 |a 792.071  |2 1981 
100 1 |a Pietor, Miloš,  |d 1933-1991  |4 aut  |9 120095 
245 1 0 |a Nadväznosť hodnôt  |b Hovoríme s režisérom činohry Slovenského národného divadla v Bratislave - zaslúžilým umelcom Milošom Pietrom  |c Miloš Pietor, Ľubomír Stanček 
300 |b Obr. 1. 
600 1 7 |a Pietor, Miloš,  |d 1933-1991  |2 snkbucl  |9 120095 
655 7 |a články z novín a časopisov  |2 snkbucl  |9 267496 
700 1 |a Stanček, Ľubomír  |4 aut  |9 267870 
773 0 |t Smena  |g Roč. 35, č. 10 (13. 1. 1982), s. 6 
850 |a Slovenská národná knižnica v Martine  |a MTA001 
852 |a SNK  |b KIS3GCP 
958 |a BX 
958 |a RK 
992 |a RBX 
999 |c 3142413  |d 3144343